|
|
|
|
| LEADER |
00000nab a2200000 a 4500 |
| 001 |
vtls008958386 |
| 003 |
SK-MaSNL |
| 005 |
20260304144426.0 |
| 008 |
250505c2007 xo qr|p|||||||000 b|slo |
| 015 |
|
|
|a SNBRB2007/03
|
| 035 |
|
|
|a (uuid)6a1eef65-d41a-426f-887f-6200d1dba42d
|
| 035 |
|
|
|a urn:nbn:sk:snk-abzs7
|
| 035 |
|
|
|a (urnnbn)urn:nbn:sk:snk:ar-003jub
|
| 038 |
|
|
|a SNKBUCL
|
| 040 |
|
|
|a SNKBUCL
|b slo
|c SNKBUCL
|e AACR2
|
| 041 |
0 |
|
|a slo
|
| 044 |
|
|
|a xo
|c SK
|
| 080 |
|
|
|a 342.743
|2 1997
|
| 080 |
|
|
|a 347.5
|2 1997
|
| 100 |
1 |
|
|a Šimonová, Jana,
|d 1982-
|4 aut
|9 192790
|
| 245 |
1 |
0 |
|a Existencia škody pri daňových trestných činoch
|c Jana Galajdová, Ivan Pecník, Ondrej Tomko
|
| 504 |
|
|
|a Bibliogr. odkazy
|
| 650 |
0 |
7 |
|a daňové trestné činy
|2 snkbucl
|9 1465998
|
| 650 |
0 |
7 |
|a škody
|2 snkbucl
|9 276699
|
| 700 |
1 |
|
|a Pecník, Ivan
|4 aut
|9 821670
|
| 700 |
1 |
|
|a Tomko, Ondrej
|4 aut
|9 1025483
|
| 773 |
0 |
|
|t Justičná revue
|g Roč. 59, č. 2 (2007), s. 189-197
|x 1335-6461
|
| 850 |
|
|
|a Slovenská národná knižnica
|
| 852 |
|
|
|a Slovenská národná knižnica
|
| 954 |
|
|
|a odborná, vedecká literatúra pôvodná (slovenská)
|2 lita
|
| 958 |
|
|
|a article27
|
| 958 |
|
|
|a OND
|
| 958 |
|
|
|a SK
|
| 958 |
|
|
|a NB
|
| 958 |
|
|
|a EUIPO
|
| 999 |
|
|
|c 2931221
|d 2933151
|